Which State in Australia? - Multiple Choice - Statistics

General Stats
  • This quiz has been taken 26 times
  • The average score is 13 of 18
Answer Stats
Question Answer % Correct
The most populous New South Wales
100%
Home to cities/towns such as Wollongong, Wagga Wagga, and Dubbo New South Wales
100%
Will be hosting the 2032 Summer Olympics Queensland
100%
Borders the Great Barrier Reef Queensland
100%
Southernmost Tasmania
100%
Has the most AFL teams Victoria
100%
Where the Australian Open is held Victoria
100%
Capital is Perth Western Australia
100%
Has the largest land area Western Australia
100%
Has the highest mountain in Australia New South Wales
50%
Has the largest number of cattle Queensland
50%
Has the highest forest coverage Queensland
50%
Has the largest lake in Australia South Australia
50%
Named after a Dutch explorer Tasmania
50%
Has the Great Ocean Road Victoria
50%
Had the Black Saturday Bushfires Victoria
50%
Is geographically closer to Java Western Australia
50%
Has Kangaroo Island South Australia
0%
No matching quizzes found
Score Distribution
Percent of People with Each Score
Percentile by Number Answered
Your Score History
You have not taken this quiz